World Cup Winners - Statistics

General Stats
  • This quiz has been taken 19 times
  • The average score is 13 of 15
Answer Stats
Hint Answer % Correct
2018 France
100%
1986 Argentina
95%
2002 Brazil
95%
1994 Brazil
95%
1998 France
95%
2014 Germany
95%
2010 Spain
95%
1990 Germany
89%
2006 Italy
89%
1978 Argentina
84%
1974 Germany
84%
1970 Brazil
79%
1962 Brazil
79%
1966 England
79%
1982 Italy
79%
No matching quizzes found
Score Distribution
Percent of People with Each Score
Percentile by Number Answered
Your Score History
You have not taken this quiz